000
00303nam a2200133Ia 4500
003
OSt
005
20231108105600.0
008
170524s9999 xx 000 0 und d
020
_a
9788131755662
040
_c
IIMT UNIVERSITY
100
_a
SHARMA A K
245
0
_a
DATA STRUCTURE USING C
942
_2
ddc
_c
02
999
_c
4509
_d
4509